| 000 | 00691nam a22001937a 4500 | ||
|---|---|---|---|
| 999 |
_c330057 _d330057 |
||
| 003 | NUST | ||
| 005 | 20170607102320.0 | ||
| 008 | 150616b xxu||||| |||| 00| 0 eng d | ||
| 020 | _a9788177585469 | ||
| 040 | _c0 | ||
| 082 | _a515.14 GRE | ||
| 100 |
_94026 _aGreenberg, Michael D. |
||
| 245 |
_aAdvanced engineering mathematics _cMichael Greenberg |
||
| 250 | _a2nd ed. | ||
| 260 |
_aIndia _bPEARSON _cc2012. |
||
| 300 | _a1338 p. : | ||
| 500 | _aP.B | ||
| 650 |
_94033 _aMathematics _xME |
||
| 942 |
_2ddc _cBK _k515.14 GRE |
||